Kirjaimella S alkavia kaupunkeja kartalla - Statistics

Yleistilastot
  • Tätä visaa on pelattu 1 277 kertaa
  • Keskiarvotulos 15 / 30
Vastaukset kartalla
Vastauksille on annettu kartalla punavihreä väri sen mukaan, kuinka moni on saanut sen oikein.
 
Vastaustilastot
Kaupunki % Oikein
Sydney
83%
Soul
80%
San Francisco
79%
Seattle
79%
Santiago de Chile
78%
Shanghai
73%
São Paulo
71%
Singapore
71%
Sevilla
67%
Sofia
67%
San Diego
61%
San José
58%
Sapporo
58%
Sucre
51%
Santo Domingo
47%
Stavanger
44%
Strasbourg
42%
San Antonio
41%
Sheffield
41%
Sotši
41%
Suez
37%
St. Louis
34%
San Juan
31%
Salvador
26%
Savannah
25%
Shenzhen
25%
Surabaya
25%
Surat
20%
Sendai
17%
Shenyang
17%
Ehtoja vastaavia visoja ei löytynyt
Tulosjakauma
Jokaisen tuloksen saaneiden osuus
Persentiili vastausten määrän mukaan
Tuloshistoriasi
Et ole pelannut tätä visaa